An introduction to Fourier series and integrals

Αποθηκεύτηκε σε:
Λεπτομέρειες βιβλιογραφικής εγγραφής
Κύριος συγγραφέας: Seeley, Robert T.
Μορφή: Βιβλίο
Γλώσσα:Greek
Δημοσίευση: N.Y. : Dover, 2006
Θέματα:
Ετικέτες: Προσθήκη ετικέτας
Δεν υπάρχουν, Καταχωρήστε ετικέτα πρώτοι!

MARC

LEADER 00000cam a2200000 i 4500
001 1/10492
008 101007s2006 gre d
020 |a 0-486-45307-3 
035 |l 10109031 
040 |a GR-MY-UA  |b gre  |e aacr 
041 0 |a gre 
082 0 |a 515.2433  |2 (22) 
100 1 |a Seeley, Robert T. 
245 1 3 |a An introduction to Fourier series and integrals /  |c Robert T. Seeley 
260 |a N.Y. :   |b Dover,   |c 2006 
300 |a 104 σ.;  |b εικ.;  |c 22 εκ. 
500 |a Χωρίς σελίδα τίτλου 
650 0 0 |a Fourier series. 
852 |a INST  |b SAMOS  |e 20101007  |h 515.2433 SEE  |p 005300033221  |q 005300033221  |t BK  |y 0 
901 |a BIBL3-2010-3 
909 |a Σ  |b 166111 
970 |a ΓΟΥΒΑΛΑ  |b ΒΑΣΩ  |z 2010/10/07